Borussia Dortmund players (2000-2010) - Statistics

General Stats
  • This quiz has been taken 9 times
  • The average score is 31 of 101
Answer Stats
Rank Player Positions Nationality Matches Goals (assists) Period % Correct
3 Roman Weidenfeller GK 188 0 (1) 2002-2010
100%
6 Tomas Rosicky AM 149 20 (32) 2000-2006
100%
9 Christoph Metzelder CB 126 2 (7) 2000-2003, 2004-2007
86%
1 Dedê LB 265 11 (39) 2000-2010
86%
19 Jakub Blaszczykowski RW 83 5 (14) 2007-2010
86%
8 Jan Koller ST 138 59 (25) 2001-2006
86%
47 Lucas Barrios ST 33 19 (5) 2009-2010
86%
73 Malte Metzelder DM 9 0 (1) 2003-2004
86%
32 Mats Hummels CB 55 6 (2) 2007-2010
86%
4 Sebastian Kehl DM 181 16 (11) 2001-2010
86%
42 Marcel Schmelzer LB 40 0 (2) 2008-2010
71%
12 Nuri Şahin DM 105 7 (21) 2005-2007, 2008-2010
71%
61 Sven Bender DM 19 0 (1) 2009-2010
71%
22 Alex Frei ST 74 34 (18) 2006-2009
57%
87 Cedric van der Gun ST 3 0 (1) 2005-2006
57%
2 Christian Wörns CB 214 13 (6) 2000-2008
57%
20 Ebi Smolarek ST 81 25 (15) 2004-2008
57%
13 Evanilson RB 98 4 (19) 2000-2005
57%
18 Jens Lehmann GK 85 0 (1) 2000-2003
57%
36 Jürgen Kohler CB 50 0 (5) 2000-2002
57%
48 Kevin Großkreutz RB 32 5 (3) 2009-2010
57%
71 Kevin-Prince Boateng AM 10 0 (2) 2008-2009
57%
27 Márcio Amoroso ST 59 28 (10) 2001-2004
57%
82 Mario Götze AM 5 0 (0) 2009-2010
57%
11 Nelson Valdez ST 113 16 (14) 2006-2010
57%
24 Neven Subotic CB 67 9 (2) 2008-2010
57%
52 Robert Kovac CB 26 0 (0) 2007-2009
57%
55 Steven Pienaar LM 25 0 (1) 2006-2007
57%
34 Sunday Oliseh DM 53 1 (1) 2000-2003, 2004-2005
57%
10 Ewerthon ST 119 47 (19) 2001-2005
43%
25 Jörg Heinrich LB 63 7 (8) 2000-2003
43%
7 Lars Ricken AM 144 27 (36) 2000-2007
43%
31 Mohamed Zidan CF 56 13 (9) 2008-2010
43%
33 Otto Addo AM 53 9 (11) 2000-2005
43%
35 Tamás Hajnal AM 51 5 (13) 2008-2010
43%
62 Young-pyo Lee LB 18 0 (1) 2008-2009
43%
50 André Bergdölmo CB 28 0 (0) 2003-2005
29%
21 David Odonkor RW 75 2 (8) 2001-2007
29%
26 Delron Buckley LW 62 1 (5) 2005-2006, 2007-2009
29%
43 Diego Klimowicz ST 38 6 (3) 2007-2009
29%
37 Felipe Santana CB 48 4 (1) 2008-2010
29%
5 Florian Kringe CM 150 17 (15) 2004-2009
29%
14 Marc-André Kruska CM 98 2 (4) 2004-2009
29%
58 Marc Ziegler GK 23 0 (0) 2007-2010
29%
44 Martin Amedick CB 34 2 (1) 2006-2008
29%
63 Matthew Amoah ST 17 0 (0) 2005-2007
29%
41 Niclas Jensen LB 43 2 (7) 2003-2005
29%
28 Patrick Owomoyela RB 59 2 (10) 2008-2010
29%
23 Philipp Degen RB 68 1 (7) 2005-2008
29%
16 Stefan Reuter RM 95 0 (3) 2000-2004
29%
15 Tinga CM 98 9 (11) 2006-2010
29%
39 Torsten Frings DM 47 10 (9) 2002-2004
29%
30 Ahmed Madouni CB 56 3 (0) 2001-2005
14%
60 Antonio Rukavina RB 19 0 (1) 2007-2009
14%
76 Daniel Gordon CB 8 0 (0) 2006-2008
14%
69 Dennis Gentenaar GK 10 0 (0) 2005-2006
14%
51 Fredi Bobic ST 27 10 (2) 2000-2002
14%
45 Giovanni Federico AM 33 4 (8) 2007-2009
14%
53 Guillaume Warmuz GK 25 0 (0) 2003-2005
14%
46 Guy Demel RB 33 0 (3) 2002-2005
14%
56 Jan Derek Sørensen RW 24 0 (0) 2000-2002
14%
68 Kosi Saka CB 11 0 (1) 2005-2007
14%
90 Marco Stiepermann AM 3 1 (0) 2009-2010
14%
17 Markus Brzenska CB 86 6 (0) 2003-2008
14%
92 Mehmet Akgün CM 2 0 (0) 2004-2005, 2007-2008
14%
38 Miroslav Stevic DM 47 7 (8) 2000-2002
14%
49 Mladen Petric ST 29 13 (2) 2007-2008
14%
93 Nizamettin Çalışkan DM 2 0 (0) 2005-2006
14%
100 Patrick Kohlmann LB 1 0 (0) 2004-2005
14%
57 Sahr Senesie ST 24 0 (0) 2003-2005, 2007-2008
14%
40 Salvatore Gambino CF 45 5 (4) 2003-2006
14%
79 Sebastian Tyrala CM 7 0 (0) 2006-2008
14%
84 Uwe Hünemeier CB 5 0 (0) 2005-2007, 2008-2010
14%
95 Alexander Bade GK 1 0 (0) 2007-2008
0%
64 Alfred Nijhuis CB 14 0 (0) 2000-2001
0%
86 Bajram Sadrijaj ST 3 0 (0) 2008-2009
0%
96 Christian Eggert DM 1 0 (0) 2007-2008
0%
59 Christian Nerlinger DM 20 1 (1) 2000-2001
0%
78 Christopher Kullmann ST 7 0 (0) 2008-2009
0%
88 Christopher Nöthe ST 3 0 (0) 2007-2008
0%
85 Damien Le Tallec DM 4 0 (0) 2009-2010
0%
70 Dimitar Rangelov ST 10 1 (0) 2009-2010
0%
77 Dr. Philipp Laux GK 8 0 (0) 2000-2002
0%
89 Emmanuel Krontiris ST 3 0 (1) 2000-2001
0%
65 Flávio Conceição CM 14 1 (0) 2003-2004
0%
97 Florian Thorwart CB 1 0 (0) 2002-2003
0%
98 Francis Bugri AM 1 0 (0) 2001-2002
0%
29 Giuseppe Reina RW 58 12 (9) 2000-2004
0%
54 Heiko Herrlich ST 25 7 (0) 2000-2003
0%
72 Ibrahim Tanko CF 9 0 (0) 2000-2001
0%
66 Juan Fernández RB 14 0 (2) 2002-2004
0%
91 Julian Koch DM 2 0 (0) 2009-2010
0%
67 Léandro LM 12 2 (0) 2002-2004
0%
80 Marcel Höttecke GK 5 0 (0) 2007-2008
0%
81 Marcus Steegmann ST 5 0 (0) 2004-2006
0%
74 Markus Feulner CM 9 0 (0) 2009-2010
0%
99 Nico Hillenbrand DM 1 0 (0) 2007-2008
0%
94 Patrick Njambe CB 2 0 (0) 2007-2008
0%
83 Sead Kapetanovic RM 5 0 (0) 2000-2001
0%
75 Victor Ikpeba ST 9 1 (1) 2000-2001
0%
101 Yasin Öztekin ST 1 0 (0) 2008-2009
0%
No matching quizzes found
Score Distribution
Percent of People with Each Score
Percentile by Number Answered
Your Score History
You have not taken this quiz